000 00737cam a2200265 4500500
005 20260329005305.0
041 _afre
042 _adc
100 1 0 _aLegros, Martin
_eauthor
245 0 0 _aL’école en panne d’ascenseur social ?
260 _c2023.
500 _a59
690 _aattention
690 _aDéterminisme
690 _aÉcole
690 _aEnquête
690 _alycée
690 _aMartin Legros
690 _aMérite
690 _aMéritocratie
690 _aSmartphone
690 _aTransclasse
786 0 _nPhilosophie magazine | 168 | 4 | 2023-04-01 | p. 30-32 | 1951-1787
856 4 1 _uhttps://shs.cairn.info/magazine-philosophie-magazine-2023-4-page-30?lang=fr&redirect-ssocas=7080
999 _c1842029
_d1842029